འབྲུག་གི་ལམ་སྲོལ་དང་མཐའ་གནས་སྟང (Record no. 9564)

MARC details
000 -LEADER
fixed length control field 00434nam a22001337a 4500
008 - FIXED-LENGTH DATA ELEMENTS--GENERAL INFORMATION
fixed length control field 230519b |||||||| |||| 00| 0 eng d
020 ## - INTERNATIONAL STANDARD BOOK NUMBER
International Standard Book Number 978-99936-777-7-2
082 ## - DEWEY DECIMAL CLASSIFICATION NUMBER
Classification number 954.98
100 ## - MAIN ENTRY--PERSONAL NAME
Personal name The National Museum of Bhutan,
Dates associated with a name 2018
245 ## - TITLE STATEMENT
Title འབྲུག་གི་ལམ་སྲོལ་དང་མཐའ་གནས་སྟང
300 ## - PHYSICAL DESCRIPTION
Extent 479 p.
Dimensions 23 cm
942 ## - Added entry Elements (Koha)
Source of classification or shelving scheme Dewey Decimal Classification
Holdings
Withdrawn status Lost status Source of classification or shelving scheme Damaged status Not for loan Collection code Home library Current library Shelving location Date acquired Serial Enumeration / chronology Total Checkouts Total Renewals Full call number Barcode Checked out Date last seen Date last checked out Price effective from Koha item type
    Dewey Decimal Classification     Dzongkha RTC Library RTC Library Dzongkha 19/05/2023 177421 1 14 954.98 NMB 30018786 30/07/2026 17/09/2024 17/09/2024 19/05/2023 Dzongkha
Royal Thimphu College || All Right Reserved